El poder naval chino (Record no. 56615)

MARC details
000 -LEADER
campo de control de longitud fija 00605nam a2200169 i 4500
001 - NÚMERO DE CONTROL
campo de control 56615
003 - IDENTIFICADOR DE NÚMERO DE CONTROL
campo de control ES-MaACL
005 - FECHA Y HORA DE LA ÚLTIMA TRANSACCIÓN
campo de control 20230906163418.0
007 - CAMPO FIJO DE DESCRIPCIÓN FÍSICA--INFORMACIÓN GENERAL
campo de control de longitud fija t|
008 - DATOS DE LONGITUD FIJA--INFORMACIÓN GENERAL
campo de control de longitud fija 031010s1965 sp ||||1| spa d
100 1# - ENTRADA PRINCIPAL--NOMBRE DE PERSONA
Nombre de persona Dinta-San, José.
9 (RLIN) 44844
245 13 - MENCIÓN DEL TÍTULO
Título El poder naval chino
Resto del título : (desde sus orígenes hasta la caida de la Dinastía Ming. (Siglos VI a. de J.C.- XVII d. de J.C.) /
Mención de responsabilidad, etc. José Dinta-San ; prólogo de Pedro Nieto Antúnez.
260 ## - PUBLICACIÓN, DISTRIBUCIÓN, ETC.
Lugar de publicación, distribución, etc. Barcelona :
Nombre del editor, distribuidor, etc. Ariel,
Fecha de publicación, distribución, etc. [1965]
300 ## - DESCRIPCIÓN FÍSICA
Extensión 275 p. :
Otras características físicas il. ;
Dimensiones 22 cm.
700 1# - ENTRADA AGREGADA--NOMBRE PERSONAL
Nombre de persona Nieto Antúnez, Pedro.
9 (RLIN) 85673
852 ## - LOCALIZACIÓN
Ubicación ES-MaACL
Número de control de estantería C-28046
Sublocalización o colección R.57098
Holdings
Estatus retirado Estado de pérdida Estado de daño No para préstamo Biblioteca de origen Biblioteca actual Ubicación en estantería Fecha de adquisición Fuente de adquisición Total de préstamos Signatura topográfica completa Código de barras Visto por última vez Precio de reemplazo Tipo de ítem Koha
        Biblioteca del Ateneo de Madrid Biblioteca del Ateneo de Madrid Depósito 2 17/01/2008     C-28046 1059456 23/02/2023 23/02/2023 Libro impreso